Daňové zaťaženie poľnohospodárstva zohľadňuje jeho špecifiká

Bibliographic Details
Main Author: Chrastinová, Zuzana (Author)
Format: Article
Language:Slovak
Subjects:

MARC

LEADER 00000nab a2200000 a 4500
001 vtls000628979
003 SK-MaSNL
005 20260304204355.0
008 160401c1997 xo 0 slo
015 |a SNBRB19rr/mm-uuuuu 
035 |a CL0629118 
040 |a SNKBUCL  |b slo  |c SNKBUCL  |e AACR2 
041 0 |a slo 
044 |a xo  |c SK 
080 |a 336.2(437.6):631(437.6)  |2 1981 
080 |a 631(437.6)  |2 1981 
100 1 |a Chrastinová, Zuzana  |4 aut  |9 8799 
245 1 0 |a Daňové zaťaženie poľnohospodárstva zohľadňuje jeho špecifiká  |c Zuzana Chrastinová 
650 0 7 |a poľnohospodárstvo  |2 snkbucl  |9 679 
650 0 7 |a dane  |2 snkbucl  |9 2123 
655 7 |a články z novín a časopisov  |2 snkbucl  |9 267496 
773 0 |t Trend  |g Č. 27 (1997), s. 22A 
850 |a Slovenská národná knižnica v Martine  |a MTA001 
852 |a SNK  |b KIS3GCP 
958 |a SK 
958 |a RK 
958 |a RBX 
999 |c 3115654  |d 3117584